000 00568nam a2200229Ia 4500
003 OSt
005 20221007082538.0
006 a|||||r|||| 00| 0
007 ta
008 221006b |||||||| |||| 00| 0 eng d
024 _a10,552
037 _cTextual
040 _aFLL
_cFLL
_beng
041 _2eng
_aeng
082 _aZ2,2675, K5;3
100 _aIyengar
_9628317
245 0 _aTrade & merchandise marks act, 1958
260 _c1965
300 _alxxxv,826p
_ccm.
942 _hZ2,2675, K5;3
_cTEXL
_2CC
999 _c1166798
_d1166798